[Event "FIN-chT2 Gp2 1819"]
[Site "Finland"]
[Date "2018.11.10"]
[Round "3.5"]
[White "Visti, Heikki"]
[Black "Sillanpaa, Jyrki"]
[Result "1-0"]
[WhiteElo "1994"]
[BlackElo "1559"]
[PlyCount "45"]
[EventDate "2018.09.15"]
[EventType "team-tourn"]
[EventRounds "6"]
[EventCountry "FIN"]
[SourceTitle "EXT 2020"]
[Source "ChessBase"]
[SourceDate "2019.10.17"]
[SourceVersion "1"]
[SourceVersionDate "2019.10.17"]
[SourceQuality "1"]
[WhiteTeam "Helsinki KS 58 II"]
[BlackTeam "Tampere Tammer IV"]
[WhiteTeamCountry "FIN"]
[BlackTeamCountry "FIN"]

1. e4 b6 2. Nc3 Bb7 3. d4 e6 4. Nf3 Bb4 5. Bd3 Nf6 6. Qe2 d5 7. exd5 Nxd5 8. Bd2 Nf6 9. 0-0 0-0 10. Rad1 Nc6 11. a3 Be7 12. Ne4 h6 13. c4 Nxe4 14. Qxe4 g6 15. Bxh6 Re8 16. Qg4 Kh7 17. Ng5+ Bxg5 18. Bxg5 f6 19. Qh5+ Kg7 20. Qxg6+ Kf8 21. Bxf6 Qd7 22. Qh6+ Kf7 23. Qg7# 1-0